| 000 | 00925nam a2200265 i 4500 | ||
|---|---|---|---|
| 001 | bg | ||
| 100 | 1 | _aSZUBERT-ZARZECZNY, Urszula | |
| 245 | 1 | 0 |
_aTurystyka w rozwoju gospodarczym Polski / _cUrszula Szubert-Zarzeczny ; "Edukacja" Wyższa Szkoła Zarządzania we Wrocławiu. |
| 250 | _aWyd. 1, dodr. | ||
| 260 |
_aWrocław : _bWydaw. WSZ "Edukacja", _c2001. |
||
| 300 |
_a238, [1] s. : _bil. ; _c23 cm. |
||
| 504 | _aBibliogr. | ||
| 650 | 9 |
_aTurystyka _zPolska _yod 1989 r. |
|
| 651 | 9 |
_aPolska _xgospodarka _yod 1989 r. |
|
| 710 | 0 | _aWyższa Szkoła Zarządzania "Edukacja" (Wrocław) | |
| 015 | _aPB 16344/2001 | ||
| 020 | _a838770895X | ||
| 040 | _cBPK | ||
| 041 | 0 | _apol | |
| 080 | _a338.48:338.22](438)"1989/..." | ||
| 920 | _a83-87708-95-X | ||
| 942 | _cKS | ||
| 008 | s pl f |000 0 pol | ||
| 999 |
_c46637 _d46637 |
||
| 856 |
_uhttp://koha.tu.koszalin.pl/cgi-bin/koha/opac-detail.pl?biblionumber=46637 _yKatalog online BPK |
||